000 00304nam a2200121Ia 4500
008 241015s9999 xx 000 0 und d
041 _aeng
082 _a658.78 HID
100 _aClark Hiddleston
245 _aLogistics Management
260 _bStates Academic Press
_aUSA
_c2022
300 _a234;. P 25 cm
999 _c41668
_d41668